Introduction to finite elements in engineering (Record no. 329)
[ view plain ]
| 000 -LEADER | |
|---|---|
| Fixed length control field | 00574nam a22002057a 4500 |
| 003 - CONTROL NUMBER IDENTIFIER | |
| Control field | SEACOMMC |
| 005 - DATE AND TIME OF LATEST TRANSACTION | |
| Control field | 20231109084230.0 |
| 008 - FIXED-LENGTH DATA ELEMENTS--GENERAL INFORMATION | |
| Fixed length control field | 231109b |||||||| |||| 00| 0 eng d |
| 020 ## - INTERNATIONAL STANDARD BOOK NUMBER / ISBN | |
| Price | Rs. 295.00 |
| 040 ## - CATALOGING SOURCE | |
| Original cataloging agency | SEACOMMC |
| 082 ## - DEWEY DECIMAL CLASSIFICATION NUMBER | |
| Classification number | 518.25 |
| Book Number | CHA |
| 100 1# - MAIN ENTRY--PERSONAL NAME | |
| Personal name | Chandruptla, Tirupati R. |
| 245 1# - TITLE STATEMENT | |
| Title | Introduction to finite elements in engineering |
| Statement of responsibility | Tirupati R. Chandruptla and Asok D. Belegundu |
| 250 ## - EDITION STATEMENT | |
| Edition statement | 3rd ed |
| 260 ## - IMPRINT | |
| Place of publication | New Delhi |
| Name of publisher | Prentice-Hall |
| Date of publication | 2004 |
| 650 ## - SUBJECT ADDED ENTRY--TOPICAL TERM | |
| Topical term | Mathematics |
| 650 ## - SUBJECT ADDED ENTRY--TOPICAL TERM | |
| Topical term | Numerical analysis |
| 700 1# - ADDED ENTRY--PERSONAL NAME | |
| Personal name | Belegundu, Asok D. |
| 942 ## - ADDED ENTRY ELEMENTS (KOHA) | |
| Koha item type | Books |
| Withdrawn status | Lost status | Source of classification | Damaged status | Not for loan | Home library | Current library | Date acquired | Total Checkouts | Call number | Accession number | Date last seen | Price effective from | Koha item type |
|---|---|---|---|---|---|---|---|---|---|---|---|---|---|
| Dewey Decimal Classification | SEACOM MANAGEMENT COLLEGE | SEACOM MANAGEMENT COLLEGE | 19/09/2006 | 518.25 CHA | 05522 | 09/11/2023 | 09/11/2023 | Books |
